Najlepšie postupy pri transferovom oceňovaní a proces prenosu transferových cien

Stanovenie najlepšieho postupu (Best Practice), pri určovaní správnej transferovej ceny.

Gespeichert in:
Bibliographische Detailangaben
1. Verfasser: Hajniková, Tatiana
Format: Buchkapitel
Sprache:Slowakisch
Schlagworte:
Tags: Tag hinzufügen
Keine Tags, Fügen Sie das erste Tag hinzu!

MARC

LEADER 00000nla a2200000 4500
001 0237293
005 20240502073830.1
041 0 |a slo 
044 |a SK 
245 1 0 |a Najlepšie postupy pri transferovom oceňovaní a proces prenosu transferových cien  |c Tatiana Hajníková 
520 |a Stanovenie najlepšieho postupu (Best Practice), pri určovaní správnej transferovej ceny. 
610 2 0 |a rozhodovanie finančné 
610 2 0 |a ceny transferové 
610 2 0 |a oceňovanie transferové 
610 2 0 |a podnik 
610 2 0 |a modelovanie ekonometrické 
100 1 |a Hajniková, Tatiana